Žena uprostred islamu prestížna Nobelova cena za mier putuje do Iránu

Bibliographic Details
Main Author: Turis, Juraj (Author)
Format: Article
Language:Slovak
PhysicalDescription:Fotogr.
ISSN:0139-6323
Subjects:

MARC

LEADER 00000nab a2200000 a 4500
001 vtls000852448
003 SK-MaSNL
005 20260305020740.0
008 160321c2003 xo 0 slo
015 |a SNBRB2003/11-31452 
035 |a CLN000204103 
040 |a SNKBUCL  |b slo  |c SNKBUCL  |e AACR2 
041 0 |a slo 
044 |a xo  |c SK 
080 |a 34-051:06.068Nobel:172.4  |2 UDC-MRF-SK2 
080 |a 06.068Nobel:172.4  |2 UDC-MRF-SK2 
100 1 |a Turis, Juraj  |4 aut  |9 267882 
245 1 0 |a Žena uprostred islamu  |b prestížna Nobelova cena za mier putuje do Iránu  |c Juraj Turis 
300 |b Fotogr. 
600 1 7 |a Ebadi, Širin  |d 1947-  |x Nobelova cena za mier  |y 2003  |2 snkbucl  |9 876087 
650 0 7 |a Nobelova cena za mier  |2 snkbucl  |9 134271 
655 7 |a články z novín a časopisov  |2 snkbucl  |9 267496 
773 0 |x 0139-6323  |t Život  |g Roč. 53, č. 44 (2003), s. 54-56 
850 |a Slovenská národná knižnica v Martine 
852 |a SNK  |b KIS3GCP 
958 |a IR 
958 |a BC 
958 |a RBX 
999 |c 3282113  |d 3284043